<?xml version="1.0" encoding="UTF-8"?>
<record
    xmlns:xsi="http://www.w3.org/2001/XMLSchema-instance"
    xsi:schemaLocation="http://www.loc.gov/MARC21/slim http://www.loc.gov/standards/marcxml/schema/MARC21slim.xsd"
    xmlns="http://www.loc.gov/MARC21/slim">

  <leader>01286nam a2200253Ia 4500</leader>
  <datafield tag="952" ind1=" " ind2=" ">
    <subfield code="0">0</subfield>
    <subfield code="1">0</subfield>
    <subfield code="2">ddc</subfield>
    <subfield code="4">0</subfield>
    <subfield code="7">0</subfield>
    <subfield code="a">22</subfield>
    <subfield code="b">22</subfield>
    <subfield code="d">2010-07-29</subfield>
    <subfield code="l">8</subfield>
    <subfield code="m">1</subfield>
    <subfield code="o">HG4529 H47 2005</subfield>
    <subfield code="p">17 000051</subfield>
    <subfield code="r">2023-07-22</subfield>
    <subfield code="s">2017-08-18</subfield>
    <subfield code="t">1</subfield>
    <subfield code="w">2012-06-26</subfield>
    <subfield code="y">LB</subfield>
    <subfield code="f"></subfield>
  </datafield>
  <datafield tag="952" ind1=" " ind2=" ">
    <subfield code="0">0</subfield>
    <subfield code="1">0</subfield>
    <subfield code="2">ddc</subfield>
    <subfield code="4">0</subfield>
    <subfield code="7">0</subfield>
    <subfield code="a">22</subfield>
    <subfield code="b">22</subfield>
    <subfield code="d">2010-08-30</subfield>
    <subfield code="l">1</subfield>
    <subfield code="o">HG4529 H47 2005</subfield>
    <subfield code="p">17 000213</subfield>
    <subfield code="r">2023-07-28</subfield>
    <subfield code="s">2014-08-05</subfield>
    <subfield code="t">2</subfield>
    <subfield code="w">2012-06-26</subfield>
    <subfield code="y">LB</subfield>
    <subfield code="f"></subfield>
  </datafield>
  <datafield tag="952" ind1=" " ind2=" ">
    <subfield code="0">0</subfield>
    <subfield code="1">0</subfield>
    <subfield code="2">ddc</subfield>
    <subfield code="4">0</subfield>
    <subfield code="7">0</subfield>
    <subfield code="a">22</subfield>
    <subfield code="b">22</subfield>
    <subfield code="d">2010-12-08</subfield>
    <subfield code="l">0</subfield>
    <subfield code="o">HG4529 H47 2005</subfield>
    <subfield code="p">17 001198</subfield>
    <subfield code="r">2023-08-01</subfield>
    <subfield code="t">3</subfield>
    <subfield code="w">2012-06-26</subfield>
    <subfield code="y">LB</subfield>
    <subfield code="f"></subfield>
  </datafield>
  <datafield tag="952" ind1=" " ind2=" ">
    <subfield code="0">0</subfield>
    <subfield code="1">0</subfield>
    <subfield code="4">0</subfield>
    <subfield code="7">0</subfield>
    <subfield code="a">12</subfield>
    <subfield code="b">12</subfield>
    <subfield code="d">2018-05-30</subfield>
    <subfield code="l">0</subfield>
    <subfield code="o">HG4529 H47 2005</subfield>
    <subfield code="p">12 004503</subfield>
    <subfield code="r">2018-05-30</subfield>
    <subfield code="t">1</subfield>
    <subfield code="w">2018-05-30</subfield>
    <subfield code="y">LB</subfield>
  </datafield>
  <datafield tag="999" ind1=" " ind2=" ">
    <subfield code="c">73068</subfield>
    <subfield code="d">73068</subfield>
  </datafield>
  <controlfield tag="005">20231102151109.0</controlfield>
  <controlfield tag="008">120626s    2005mx a          000 0 spa d</controlfield>
  <datafield tag="020" ind1=" " ind2=" ">
    <subfield code="a">9706863885</subfield>
  </datafield>
  <datafield tag="020" ind1=" " ind2=" ">
    <subfield code="a">9789706863881</subfield>
  </datafield>
  <datafield tag="050" ind1="1" ind2="4">
    <subfield code="a">HG4529</subfield>
    <subfield code="b">H47 2005</subfield>
  </datafield>
  <datafield tag="100" ind1="1" ind2=" ">
    <subfield code="a">Hern&#xE1;ndez Hern&#xE1;ndez, Abraham</subfield>
    <subfield code="d">autor</subfield>
  </datafield>
  <datafield tag="245" ind1="1" ind2="0">
    <subfield code="a">Formulaci&#xF3;n y evaluaci&#xF3;n de proyectos de inversi&#xF3;n</subfield>
    <subfield code="c"> / Abraham Hern&#xE1;ndez Hern&#xE1;ndez</subfield>
  </datafield>
  <datafield tag="250" ind1=" " ind2=" ">
    <subfield code="a">5a. edici&#xF3;n</subfield>
  </datafield>
  <datafield tag="260" ind1=" " ind2=" ">
    <subfield code="a">M&#xE9;xico</subfield>
    <subfield code="b"> : Cengage Learning</subfield>
    <subfield code="c"> , 2005</subfield>
  </datafield>
  <datafield tag="300" ind1=" " ind2=" ">
    <subfield code="a">xxi, 425 p&#xE1;ginas</subfield>
  </datafield>
  <datafield tag="505" ind1="2" ind2=" ">
    <subfield code="a">Proyectos de inversi&#xF3;n
Objetivos y metas
Estudio de mercado
Localizaci&#xF3;n del proyecto
Ingenier&#xED;a del proyecto
Organizaci&#xF3;n y administraci&#xF3;n del proyecto
Evaluaci&#xF3;n financiera. M&#xE9;todos para evaluar proyectos y equilibrio de la empresa
</subfield>
  </datafield>
  <datafield tag="519" ind1=" " ind2=" ">
    <subfield code="a">Plan Flexible / </subfield>
    <subfield code="b">Administraci&#xF3;n / </subfield>
    <subfield code="c">Proyectos de Inversi&#xF3;n (P27-3) / </subfield>
    <subfield code="d">(17 000051) </subfield>
  </datafield>
  <datafield tag="519" ind1=" " ind2=" ">
    <subfield code="a">Plan Flexible / </subfield>
    <subfield code="b">Contadur&#xED;a / </subfield>
    <subfield code="c">Proyectos de Inversi&#xF3;n (P26-3) / </subfield>
    <subfield code="d">(17 000213) </subfield>
  </datafield>
  <datafield tag="519" ind1=" " ind2=" ">
    <subfield code="a">Plan Flexible / </subfield>
    <subfield code="b">Tecnolog&#xED;as de la Informaci&#xF3;n / </subfield>
    <subfield code="c">Gesti&#xF3;n de proyectos de tecnologias de informaci&#xF3;n (M08-2) / </subfield>
    <subfield code="d">(12 004503)</subfield>
  </datafield>
  <datafield tag="650" ind1="1" ind2="4">
    <subfield code="a">CAPITAL DE INVERSI&#xD3;N</subfield>
    <subfield code="x">EVALUACI&#xD3;N</subfield>
  </datafield>
  <datafield tag="700" ind1=" " ind2=" ">
    <subfield code="a">Hern&#xE1;ndez Villalobos, Abraham</subfield>
    <subfield code="e">autor</subfield>
  </datafield>
  <datafield tag="700" ind1=" " ind2=" ">
    <subfield code="a">Hern&#xE1;ndez Su&#xE1;rez, Alejandro</subfield>
    <subfield code="e">autor</subfield>
  </datafield>
  <datafield tag="942" ind1=" " ind2=" ">
    <subfield code="c">LB</subfield>
  </datafield>
</record>
